|
|
|
|
| LEADER |
00000cam a2200000 4500 |
| 001 |
vtls012232086 |
| 003 |
SK-MaSNL |
| 005 |
20260425232429.0 |
| 008 |
230612s2023 xo ol gr 000 0 slo |
| 015 |
|
|
|a SNBA2023/10
|
| 020 |
|
|
|a 9788097433215
|q (viazané)
|
| 040 |
|
|
|a SNK
|b slo
|c SNK
|e rda
|
| 041 |
0 |
|
|a slo
|
| 043 |
|
|
|a e-xo---
|
| 044 |
|
|
|a xo
|c SK
|
| 072 |
|
7 |
|a 796
|x Šport. Hry. Telesné cvičenia
|2 konspekt
|
| 080 |
|
|
|a 796.342
|2 2011
|
| 080 |
|
|
|a 796.342:061
|2 2011
|
| 080 |
|
|
|a (437.611)
|2 2011
|
| 080 |
|
|
|a (082.2)
|2 2011
|
| 080 |
|
|
|a 796.342.071.2
|2 2011
|
| 080 |
|
|
|a (048.8)
|2 2011
|
| 245 |
0 |
0 |
|a TK Slovan 100 rokov
|c zostavovateľka a autorka textov: Zuzana Wisterová
|
| 246 |
3 |
4 |
|a 100 rokov tenisového klubu Slovan Bratislava
|b 1923 - 2023
|
| 246 |
3 |
|
|a Sto rokov tenisového klubu Slovan Bratislava
|b 1923 - 2023
|
| 264 |
|
1 |
|a [Marianka]
|b ERB studio s. r. o.
|c [2023]
|
| 300 |
|
|
|a 104 strán
|b fotografie (prevažne farebné), tabuľky
|c 31 cm
|
| 336 |
|
|
|a text
|b txt
|2 rdacontent
|
| 337 |
|
|
|a bez média
|b n
|2 rdamedia
|
| 338 |
|
|
|a zväzok
|b nc
|2 rdacarrier
|
| 500 |
|
|
|a Miesto vydania podľa NA ISBN. Na titulnej strane hore uvedené: Storočnica Slovana
|
| 610 |
2 |
7 |
|a Tenisový klub Slovan Bratislava
|2 SNKKA
|9 236676
|
| 648 |
|
7 |
|a 1923-2023
|2 SNKPH
|9 315472
|
| 650 |
0 |
7 |
|a tenis
|2 SNKPH
|9 3293
|
| 650 |
0 |
7 |
|a tenisové kluby
|2 SNKPH
|9 30421
|
| 650 |
0 |
7 |
|a Tennis
|2 SNKPHeng
|9 267007
|
| 650 |
0 |
7 |
|a Tennis clubs
|2 SNKPHeng
|9 472798
|
| 650 |
0 |
7 |
|a tenistky
|2 SNKPH
|9 237851
|
| 650 |
0 |
7 |
|a Tennis players
|2 SNKPHeng
|9 323759
|
| 650 |
0 |
7 |
|a tenisti
|2 SNKPH
|9 30422
|
| 651 |
|
7 |
|a Bratislava (Slovensko)
|2 SNKPHgeo
|9 14568
|
| 651 |
|
7 |
|a Bratislava (Slovakia)
|2 SNKPHeng
|9 171234
|
| 655 |
|
7 |
|a jubilejné publikácie
|2 SNKPH
|9 70339
|
| 655 |
|
7 |
|a Jubilee books
|2 SNKPHeng
|9 281827
|
| 655 |
|
7 |
|a monografie
|2 SNKPH
|9 70139
|
| 655 |
|
7 |
|a Monographs
|2 SNKPHeng
|9 120675
|
| 700 |
1 |
|
|a Wisterová, Zuzana
|4 com
|4 aut
|9 274740
|
| 852 |
|
|
|a Slovenská národná knižnica
|
| 919 |
|
|
|a 978-80-974332-1-5
|
| 954 |
|
|
|a odborná, vedecká literatúra pôvodná (slovenská)
|2 lita
|
| 999 |
|
|
|c 739366
|d 741296
|
| 952 |
|
|
|a SNK
|b SNK
|y PREZ
|7 0
|p 17A1534872
|o snkSB 99528
|i snk2023/13839
|8 0
|0 0
|1 0
|4 0
|d 2023-09-27
|f 1
|l 0
|r 2025-05-22 00:00:00
|w 2026-02-23
|
| 952 |
|
|
|a SNK
|b SNK
|y VYP
|7 0
|p 17A1534874
|o snkSB 99528 D1
|i snk2023/13840
|8 0
|0 0
|1 0
|4 0
|d 2023-09-27
|l 0
|r 2026-02-23 22:55:00
|w 2026-02-23
|